Claims are heading for change (Record no. 68604)

MARC details
000 -LEADER
fixed length control field 01207cam a2200241 4500
001 - CONTROL NUMBER
control field ABS64706
008 - FIXED-LENGTH DATA ELEMENTS--GENERAL INFORMATION
fixed length control field 011018n2001 000 0 eng u
035 ## - SYSTEM CONTROL NUMBER
System control number (Sirsi) u115184
100 ## - MAIN ENTRY--PERSONAL NAME
Personal name Marsh$hM
245 ## - TITLE STATEMENT
Title Claims are heading for change
260 ## - PUBLICATION, DISTRIBUTION, ETC.
Date of publication, distribution, etc. 2001
490 ## - SERIES STATEMENT
Series statement Estates Gazette
Volume/sequential designation (0141) 13 October 2001, 175(1)
520 ## - SUMMARY, ETC.
Summary, etc. Discusses claims for terminal dilapidations. Argues that the connected issues can vary widely from the repair of covenants through to disputes over whether proposed works constitute "improvements". Notes that there is no officially approved pre-action protocol that applies directly to terminal dilapidation claims. The Property Litigation Association hopes to change this with a protocol that is intended to cater specifically for difficulties that arrise from dilapidation claims. It is an attempt to standardise and provide a benchmark for good practice in relation to claims.
590 ## - LOCAL NOTE (RLIN)
Local note ABS
650 ## - SUBJECT ADDED ENTRY--TOPICAL TERM
Topical term or geographic name entry element TERMINAL DILAPIDATIONS
650 ## - SUBJECT ADDED ENTRY--TOPICAL TERM
Topical term or geographic name entry element PRE-ACTION PROTOCOL
650 ## - SUBJECT ADDED ENTRY--TOPICAL TERM
Topical term or geographic name entry element PROPERTY LITIGATION ASSOCIATION
650 ## - SUBJECT ADDED ENTRY--TOPICAL TERM
Topical term or geographic name entry element GOOD PRACTICE
650 ## - SUBJECT ADDED ENTRY--TOPICAL TERM
Topical term or geographic name entry element LANDLORD AND TENANT ACT 1957
650 ## - SUBJECT ADDED ENTRY--TOPICAL TERM
Topical term or geographic name entry element CIVIL PROCEDURE RULES
690 ## - LOCAL SUBJECT ADDED ENTRY--TOPICAL TERM (OCLC, RLIN)
Topical term or geographic name as entry element LAW
942 ## - ADDED ENTRY ELEMENTS (KOHA)
Suppress in OPAC 0
Holdings
Withdrawn status Lost status Source of classification or shelving scheme Damaged status Not for loan Home library Current library Shelving location Date acquired Total Checkouts Full call number Barcode Date last seen Copy number Price effective from Koha item type
    Dewey Decimal Classification     London London Journal article 18/10/2001   ABS64706 115184-1001 06/08/2019 1 06/08/2019 Journal article